000 01219nam a2200325 a 4500
001 000109242
003 CHAP
005 20220329144043.0
008 140411s2013 mx a |sm |||||||spa|d
010 _a105704
011 _a106676
040 _cCHAP
090 _aTesis
100 1 _aOliveros González, María Teresa
_9126408
245 1 0 _aEvaluación de la diversidad genética y cultivo in vitro de cuatro razas de cacahuate (Arachís hypogaea L.)
_h[En línea]
_cpor María Teresa Oliveros González.
260 _aChapingo, Méx. :
_bEl autor,
_c2013.
500 _aPara ver el contenido del material haga clic en la liga
502 _aTesis (M.C. en Biotecnología Agrícola) -- UACH. Departamento de Fitotecnia
590 _aBATCH-UPD
_b05
_c20141002
_lUCH01
_h0900
590 _aE792CSJ
_b05
_c20140411
_lUCH01
_h1036
590 _aE792CSJ
_b05
_c20140411
_lUCH01
_h1037
650 1 4 _aCacahuate
_xCultivo in vitro.
_9126412
650 1 4 _aCacahuate
_xFisilogía y morfología.
_916871
650 1 4 _aCacahuate
_xGenética.
_916873
650 1 4 _aCacahuate
_xVariedades.
_916912
856 _aFinding aid
_uhttp://10.13.5.2/tesis/sist109242.pdf
_zTeclea aquí
901 _aBK
942 _cTESIS
942 _n0
999 _c105704
_d105704